[Event "Druzynowe Mistrzostwa Polski Juniorow 2019 - II Liga"]
[Site "Szczyrk"]
[Date "1899-12-30"]
[Round "9.73"]
[White "Majdanski, Maksymilian"]
[Black "Marczak, Szymon"]
[Result "0-1"]
[WhiteTitle "I"]
[BlackTitle "I++"]
[WhiteElo "1767"]
[BlackElo "1857"]

1. Nf3 b6 2. g3 Bb7 3. Bg2 e6 4. O-O c5 5. d3 f5 6. Nbd2 Nf6 7. Re1 Be7 8. e4 fxe4
9. dxe4 Nc6 10. e5 Ng4 11. Ne4 Qc7 12. Nd6+ Bxd6 13. exd6 Qd8 14. Ng5 Nf6 15.
Nxe6 dxe6 16. Rxe6+ Kf8 17. Bg5 Qd7 18. Qe2 Nd4 19. Rxf6+ gxf6 20. Bh6+ Kg8 21.
Qc4+ Qf7 22. Qxf7+ Kxf7 23. Bxb7 Rad8 24. Bd5+ Kg6 25. Be3 Rxd6 0-1

[Event "Druzynowe Mistrzostwa Polski Juniorow 2019 - II Liga"]
[Site "Szczyrk"]
[Date "1899-12-30"]
[Round "9.74"]
[White "Gabzdyl, Mateusz"]
[Black "Kowalski, Kacper"]
[Result "1/2-1/2"]
[WhiteTitle "II"]
[BlackTitle "II"]
[WhiteElo "1222"]
[BlackElo "1317"]

1. d4 d5 2. Nf3 Nf6 3. c4 e6 4. Nc3 Nbd7 5. Bf4 c6 6. e3 Be7 7. c5 b6 8. b4 a5
9. a3 Bb7 10. Bd3 Qc8 11. O-O O-O 12. Qc2 Ba6 13. Rfb1 Bxd3 14. Qxd3 Ra6 15. Ne2
Qa8 16. Qc3 Ne4 17. Qb2 Qa7 18. Ne5 Nxe5 19. Bxe5 f6 20. Bf4 Ra8 21. b5 cxb5 22.
Qxb5 Nd2 23. Rb2 Nc4 24. Rbb1 e5 25. cxb6 Qb7 26. Nc3 Rxb6 27. Qxd5+ Qxd5 28.
Nxd5 Rxb1+ 29. Rxb1 exf4 30. Nxe7+ Kf8 31. Nd5 fxe3 32. Nxe3 Nxe3 33. fxe3 Rc8
34. Rb3 a4 35. Rb4 Rc3 36. Rxa4 Rxe3 37. Kf2 Re4 38. Kf3 f5 39. Ra5 Rxd4 40. Rxf5+
Ke7 41. Ra5 Rd2 42. Ra7+ Kf6 43. a4 Ra2 44. a5 Ra4 45. a6 h6 46. Ra8 Kg6 47. a7
Kf7 48. g4 Kg6 49. h4 Ra5 50. Kf4 Ra6 51. Ke5 Kf7 52. h5 Ra5+ 53. Kd6 Ra6+ 54.
Kc7 Ra1 55. Kb7 1/2-1/2

[Event "Druzynowe Mistrzostwa Polski Juniorow 2019 - II Liga"]
[Site "Szczyrk"]
[Date "1899-12-30"]
[Round "9.75"]
[White "Tarawski, Adrian"]
[Black "Wieczorek, Karol"]
[Result "0-1"]
[WhiteTitle "II+"]
[BlackTitle "II+"]
[WhiteElo "1562"]
[BlackElo "1502"]

1. d4 c5 2. d5 Nf6 3. c4 b5 4. b3 d6 5. Qc2 b4 6. Nf3 g6 7. Bb2 Bf5 8. Qc1 Bg7
9. Nh4 Bc8 10. e4 O-O 11. Qc2 Nbd7 12. Be2 a5 13. O-O a4 14. a3 axb3 15. Qd3 bxa3
16. Rxa3 Rxa3 17. Nxa3 Nb6 18. Nf3 Na4 19. Bxf6 Bxf6 20. Qxb3 Qa5 21. Nb5 Nb6
22. Rb1 Nd7 23. h3 Ba6 24. Nh2 Rb8 25. Ng4 Bg7 26. Ne3 h5 27. Nc2 Bc8 28. Nca3
Qd2 29. Bf1 Bd4 30. Qg3 Be5 31. Qf3 Ra8 32. Rd1 Qb2 33. Qe3 Ra4 34. Rb1 Qa2 35.
Be2 Rb4 36. Rf1 Rb3 37. Qg5 Qxe2 38. Qxe7 Nf8 39. Nxd6 Bxd6 40. Qxd6 Rxa3 41.
Qxc5 Ra8 42. Qc6 Rb8 43. Qc7 Qb2 44. c5 Ba6 45. Re1 Qd2 46. Qxb8 Qxe1+ 47. Kh2
Qxe4 48. d6 Bf1 49. f3 Qc6 50. Kg1 Bb5 0-1

[Event "Druzynowe Mistrzostwa Polski Juniorow 2019 - II Liga"]
[Site "Szczyrk"]
[Date "1899-12-30"]
[Round "9.76"]
[White "Grzybek, Mikolaj"]
[Black "Lochinski, Pawel"]
[Result "0-1"]
[WhiteTitle "II"]
[BlackTitle "II"]
[WhiteElo "1305"]
[BlackElo "1138"]

1. e4 e5 2. Nf3 Nc6 3. Bc4 Nf6 4. d3 Be7 5. Nc3 d6 6. h3 Na5 7. Bb3 Nxb3 8. axb3
O-O 9. Bg5 c6 10. Qd2 Be6 11. d4 exd4 12. Qxd4 d5 13. exd5 Nxd5 14. Bxe7 Qxe7
15. O-O a5 16. Rfe1 Nb4 17. Rac1 Rfd8 18. Qf4 Qd6 19. Qxd6 Rxd6 20. Ne4 Rd5 21.
Re3 Rad8 22. Nc3 R5d7 23. g4 h5 24. gxh5 Bf5 25. Re5 Bxc2 26. Rxa5 Bxb3 27. Re5
Nd3 28. Rce1 Nxe1 29. Rxe1 Rd3 30. Kg2 Bd5 31. Nxd5 R3xd5 32. Kg3 f6 33. Re7 R5d7
34. Re4 Kf7 35. b4 Rd5 36. Rf4 Rxh5 37. h4 Rdd5 38. Ng5+ Ke7 39. Re4+ Kd7 40.
Nf3 Rd3 41. Kg4 g6 42. Rc4 Rf5 0-1

[Event "Druzynowe Mistrzostwa Polski Juniorow 2019 - II Liga"]
[Site "Szczyrk"]
[Date "1899-12-30"]
[Round "9.77"]
[White "Zalucka, Emilia"]
[Black "Zamarska, Sylwia"]
[Result "1-0"]
[WhiteTitle "I"]
[BlackTitle "I++"]
[WhiteElo "1440"]
[BlackElo "1628"]

1. e4 c6 2. c4 d5 3. cxd5 cxd5 4. exd5 Nf6 5. Nc3 Nxd5 6. d4 Nc6 7. Nf3 Bg4 8.
Bc4 e6 9. Bxd5 exd5 10. O-O Be7 11. Be3 Bf6 12. h3 Be6 13. Qb3 Qd7 14. Rfe1 O-O
15. Qd1 Rfc8 16. Rc1 Qd6 17. Qd2 Qb4 18. a3 Qb3 19. Bg5 Bxg5 20. Nxg5 Re8 21.
Qd3 g6 22. Qg3 h6 23. Nxe6 Rxe6 24. Rxe6 fxe6 25. Qxg6+ Kf8 26. Qf6+ Kg8 27. Qxe6+
Kh7 28. Qf7+ Kh8 29. Qf6+ Kh7 30. Re1 Qxb2 31. Re6 Qc1+ 32. Kh2 Qg5 33. Qf7+ Qg7
34. Qf5+ Kh8 35. Rg6 Qf8 36. Qh5 Qf4+ 37. Kg1 Qc1+ 38. Nd1 Kh7 39. Rg3 Rf8 40.
Qg6+ 1-0

[Event "Druzynowe Mistrzostwa Polski Juniorow 2019 - II Liga"]
[Site "Szczyrk"]
[Date "1899-12-30"]
[Round "9.78"]
[White "Wasowicz, Anna"]
[Black "Ziobrowska, Maja"]
[Result "0-1"]
[WhiteTitle "II"]
[BlackTitle "I"]
[WhiteElo "1000"]
[BlackElo "1491"]

1. e4 e5 2. Nf3 Nc6 3. Bc4 Bc5 4. d3 Nf6 5. h3 d5 6. exd5 Nxd5 7. Bxd5 Qxd5 8.
Nc3 Qd8 9. O-O O-O 10. Re1 f6 11. Be3 Bxe3 12. fxe3 Bf5 13. Kh1 Qd7 14. Rg1 Rad8
15. a3 Qe6 16. Qe2 Bg6 17. Rad1 Rfe8 18. e4 f5 19. exf5 Bxf5 20. Rde1 Qh6 21.
Qf2 Rf8 22. Qg3 Rd6 23. Nxe5 Nxe5 24. Qxe5 Bxh3 25. Ne4 Rg6 26. Qh2 Bg4 27. Rgf1
Rxf1+ 28. Rxf1 Qe3 29. Qf4 Rh6+ 30. Qxh6 Qxh6+ 31. Kg1 Qe3+ 32. Kh1 Qe2 33. Rf2
Qe1+ 34. Kh2 c5 35. Rf4 h5 36. Nf2 Qe5 37. g3 b5 38. c3 g5 39. Re4 Qf6 40. Nxg4
hxg4 41. Rxg4 Qf2+ 42. Kh1 Qf3+ 0-1

[Event "Druzynowe Mistrzostwa Polski Juniorow 2019 - II Liga"]
[Site "Szczyrk"]
[Date "1899-12-30"]
[Round "9.79"]
[White "Niemier, Hubert"]
[Black "Kijkowski, Michal"]
[Result "0-1"]
[WhiteTitle "I"]
[BlackTitle "I"]
[WhiteElo "1764"]
[BlackElo "1789"]

1. d4 f5 2. Bg5 Nf6 3. Bxf6 exf6 4. c4 Bb4+ 5. Nc3 O-O 6. e3 b6 7. Bd3 g6 8. Nge2
Bb7 9. O-O Re8 10. Qb3 Bf8 11. a3 Kg7 12. Rae1 Nc6 13. Qc2 a5 14. Nf4 Bd6 15.
Nfe2 Bf8 16. Qd2 Ne7 17. Nf4 Nc6 18. f3 Bd6 19. Nfe2 Bf8 20. e4 fxe4 21. fxe4
Bd6 22. Rf3 Rf8 23. Ref1 Na7 24. Rh3 g5 25. Qe3 h6 26. Qf3 Qe8 27. d5 Nc8 28.
Kh1 Ne7 29. Nb5 Be5 30. Ng3 c6 31. Nh5+ Kg8 32. Nc3 Qg6 33. Qg4 Bc8 34. Ng3 d6
35. Nf5 Bxf5 36. exf5 Qg7 37. dxc6 Bxc3 38. bxc3 Nxc6 39. Be4 Ne5 40. Qd1 Rad8
41. Qb3 Kh7 42. Bd5 Qc7 43. Rb1 Rb8 44. Qd1 g4 45. Rg3 h5 46. h3 Qg7 47. Be6 Rfd8
48. Qd4 Qc7 49. Re3 Qc5 50. Qf4 Qxa3 51. hxg4 hxg4 52. Rxe5 dxe5 53. Qxg4 Qe7
54. Qh5+ Kg7 55. Qg6+ Kh8 56. Kg1 Qg7 57. Qh5+ Qh7 58. Qf3 Qh6 59. Re1 Rd2 60.
Qg3 Rbd8 61. Bd5 a4 62. Re4 Rd1+ 63. Kf2 Qd2+ 64. Re2 Qf4+ 65. Qxf4 exf4 66. Ra2
b5 67. Kf3 Rd3+ 68. Kxf4 Rxc3 69. Ke4 bxc4 70. Rxa4 Rd3 71. Rxc4 R3xd5 72. Rc7
Rd3 73. Rc4 Rg3 74. Rc2 Rg4+ 75. Kf3 Rg5 76. g4 Kg8 77. Rc6 Kf7 78. Rc7+ Ke8 79.
Rc6 Rd4 80. Rxf6 Rdxg4 81. Rh6 Ra4 82. Rb6 Rxf5+ 83. Kg3 Rc5 84. Rb3 Kd7 0-1

[Event "Druzynowe Mistrzostwa Polski Juniorow 2019 - II Liga"]
[Site "Szczyrk"]
[Date "1899-12-30"]
[Round "9.80"]
[White "Budny, Piotr"]
[Black "Chaczynski, Kamil"]
[Result "0-1"]
[WhiteTitle "II"]
[BlackTitle "I"]
[WhiteElo "1426"]
[BlackElo "1738"]

1. Nf3 Nf6 2. g3 g6 3. Bg2 Bg7 4. c4 c5 5. Nc3 Nc6 6. d4 cxd4 7. Nxd4 O-O 8. O-O
Nxd4 9. Qxd4 d6 10. Rd1 a6 11. Qd3 Nd7 12. Ne4 Ne5 13. Qc2 Be6 14. c5 Qc7 15.
Bf4 Rac8 16. Rac1 Rfd8 17. Ng5 Qd7 18. Nxe6 fxe6 19. Qb3 d5 20. Bh3 Rc6 21. e4
d4 22. Bxe5 Bxe5 23. f4 Bf6 24. e5 Bg7 25. Bg2 Rc7 26. Rd3 g5 27. Be4 Rf8 28.
Qd1 Qe8 29. Rxd4 Kh8 30. Rc2 gxf4 31. gxf4 Rc8 32. Qg4 Qf7 33. Rg2 Bxe5 34. Rd7
Rxc5 35. f5 Rc1+ 36. Kf2 exf5 37. Bxf5 Rc2+ 0-1

[Event "Druzynowe Mistrzostwa Polski Juniorow 2019 - II Liga"]
[Site "Szczyrk"]
[Date "1899-12-30"]
[Round "9.81"]
[White "Skrzypinski, Jan"]
[Black "Nawalaniec, Adam"]
[Result "0-1"]
[WhiteTitle "I"]
[BlackTitle "II"]
[WhiteElo "1400"]
[BlackElo "1318"]

1. e4 e5 2. d3 Nc6 3. Nf3 Nf6 4. g3 Bc5 5. Bg2 d6 6. O-O Bg4 7. h3 Be6 8. c3 O-O
9. Nbd2 Qd7 10. Ng5 h6 11. Nxe6 fxe6 12. Nb3 Bb6 13. d4 exd4 14. cxd4 a5 15. a4
e5 16. d5 Nb4 17. Kh2 c5 18. Nd2 Nh7 19. Nc4 Bc7 20. Ne3 b5 21. Nf5 Kh8 22. axb5
Rab8 23. f4 Rxb5 24. fxe5 dxe5 25. Qh5 Nc2 26. Ra2 Nd4 27. Nh4 Rxf1 28. Bxf1 Rb8
29. Bc4 Rb4 30. d6 Rxc4 31. dxc7 Rc2+ 32. Ng2 Rxc1 33. Rxa5 Ng5 34. g4 Ndf3+ 35.
Kg3 Nxe4+ 36. Kxf3 Qd3+ 37. Ne3 Rf1+ 0-1

[Event "Druzynowe Mistrzostwa Polski Juniorow 2019 - II Liga"]
[Site "Szczyrk"]
[Date "1899-12-30"]
[Round "9.82"]
[White "Klim, Juliusz"]
[Black "Kaczmarek, Jan"]
[Result "0-1"]
[WhiteTitle "II"]
[BlackTitle "II"]
[WhiteElo "1220"]
[BlackElo "1000"]

1. e4 c5 2. Nf3 g6 3. d4 cxd4 4. Nxd4 Nc6 5. Nc3 Bg7 6. Be3 Nf6 7. Nxc6 bxc6 8.
e5 Ng8 9. f4 Nh6 10. Bd3 O-O 11. Qf3 Bb7 12. O-O-O Qc7 13. Kb1 f6 14. exf6 exf6
15. f5 g5 16. g4 d5 17. h4 Nf7 18. Qh3 h6 19. Rdf1 d4 20. Bxd4 c5 21. Be3 Bxh1
22. Qxh1 Rae8 23. Qg1 Re5 24. Nb5 Qe7 25. Bf2 Rc8 26. Bc4 Bf8 27. h5 Kg7 28. Rd1
Rd8 29. Rxd8 Nxd8 30. Bg3 Re4 31. Bd3 Rxg4 32. Qf2 Nf7 33. Be2 Rxg3 0-1

[Event "Druzynowe Mistrzostwa Polski Juniorow 2019 - II Liga"]
[Site "Szczyrk"]
[Date "1899-12-30"]
[Round "9.83"]
[White "Niemier, Martyna"]
[Black "Michalska, Aleksandra"]
[Result "0-1"]
[WhiteTitle "II"]
[BlackTitle "I++"]
[WhiteElo "1163"]
[BlackElo "1741"]

1. d4 d5 2. c4 dxc4 3. Nc3 Nf6 4. Nf3 a6 5. a4 Bf5 6. Bf4 Nc6 7. e3 Nb4 8. Bxc4
Nc2+ 9. Ke2 Nxa1 10. Qxa1 e6 11. Rd1 Nd5 12. Bg5 f6 13. Bh4 Qd7 14. Qa2 Nb4 15.
Qa1 g5 16. Bg3 Bg7 17. d5 e5 18. e4 Bg4 19. h3 Nc2 20. Qa2 Nd4+ 21. Ke3 Bxf3 22.
gxf3 Qxh3 23. Ne2 Nxe2 24. Kxe2 Qd7 25. b4 Qd6 26. Qb3 Kf7 27. b5 axb5 28. Bxb5
h5 29. Qc4 Kg6 30. Rc1 Rac8 31. a5 Rhd8 32. a6 bxa6 33. Bxa6 Ra8 34. Bb7 Ra7 35.
Bc6 Rb8 36. Qc5 Ra2+ 37. Kf1 Qxc5 38. Rxc5 Bf8 39. Rc4 Rbb2 40. Be8+ Kh6 41. Rxc7
h4 42. Bh2 Rxf2+ 43. Kg1 Rxh2 44. Rc6 Rhg2+ 45. Kf1 h3 46. Rxf6+ Kg7 47. Rg6+
Kh7 48. d6 Ra1# 0-1

[Event "Druzynowe Mistrzostwa Polski Juniorow 2019 - II Liga"]
[Site "Szczyrk"]
[Date "1899-12-30"]
[Round "9.84"]
[White "Dzierzgowska, Jagoda"]
[Black "Gac-mytych, Sara"]
[Result "0-1"]
[WhiteTitle "II+"]
[BlackTitle "II"]
[WhiteElo "1000"]
[BlackElo "1043"]

1. f4 d5 2. Nf3 Nc6 3. e3 Nf6 4. Bb5 a6 5. Bxc6+ bxc6 6. b3 Bf5 7. Bb2 e6 8. d3
Bb4+ 9. Nbd2 Bg4 10. O-O c5 11. h3 Bh5 12. c3 Ba5 13. b4 cxb4 14. cxb4 Bb6 15.
Re1 Qd6 16. Qa4+ c6 17. Be5 Qd7 18. Rac1 c5 19. Qxd7+ Nxd7 20. Bxg7 Rg8 21. Bc3
cxb4 22. Bxb4 a5 23. Bd6 a4 24. Kh1 Ba5 25. g4 Bg6 26. e4 dxe4 27. dxe4 h5 28.
f5 Bh7 29. Re2 hxg4 30. hxg4 Rxg4 31. Nc4 Bd8 32. fxe6 fxe6 33. Ncd2 Bf6 34. e5
Bd8 35. Rg2 Rxg2 36. Kxg2 Bb6 37. Nc4 Rc8 38. Ba3 Kd8 39. Ng5 Bg8 40. Kh3 Bd4
41. Nf3 Bb6 42. Kh4 Bf2+ 43. Kg5 Nc5 44. Nd6 Be3+ 45. Kg6 Bxc1 46. Nxc8 Bxa3 47.
Nd6 Nd3 48. Kg7 Bxd6 49. exd6 Kd7 50. Kxg8 Kxd6 51. Kf7 Ne5+ 52. Nxe5 Kxe5 53.
Ke7 Kd5 54. Kf6 e5 55. Kf5 Kd4 56. Kg4 Kd3 57. Kf3 e4+ 58. Kf2 Kd2 59. Kf1 e3
60. a3 e2+ 61. Kf2 e1=Q+ 62. Kf3 Qe2+ 63. Kf4 Qe3+ 64. Kg4 Qf2 65. Kh3 Qg1 66.
Kh4 Ke3 67. Kh5 Kf4 68. Kh6 Kf5 69. Kh5 Qg5# 0-1

[Event "Druzynowe Mistrzostwa Polski Juniorow 2019 - II Liga"]
[Site "Szczyrk"]
[Date "1899-12-30"]
[Round "9.85"]
[White "Burzak, Wojciech"]
[Black "Grzegorski, Michal"]
[Result "1/2-1/2"]
[WhiteTitle "I"]
[BlackTitle "I"]
[WhiteElo "1705"]
[BlackElo "1763"]

1. e4 c5 2. Nf3 Nc6 3. d4 cxd4 4. Nxd4 Qb6 5. Nb3 Nf6 6. Nc3 e6 7. Be3 Qc7 8. Bd3
a6 9. O-O b5 10. f4 d6 11. Qf3 Bb7 12. Rae1 h5 13. a4 b4 14. Nd1 Na5 15. Nf2 Be7
16. f5 e5 17. Qg3 Rg8 18. Bd2 g6 19. fxg6 Rxg6 20. Qf3 Nc4 21. Bxc4 Qxc4 22. Na5
Qxc2 23. Nxb7 Qxd2 24. Rd1 Qf4 25. Qxf4 exf4 26. Nxd6+ Bxd6 27. Rxd6 f3 28. g3
Ke7 29. e5 Ng4 30. Nd3 f2+ 31. Nxf2 Nxe5 32. Rd5 Re6 33. Ne4 Nf3+ 34. Rxf3 Rxe4
35. Rxh5 Rc8 36. Rhf5 Re1+ 37. Kg2 Re2+ 38. Rf2 Rxf2+ 39. Rxf2 b3 40. Kf3 Rc4
41. Re2+ Kf6 42. Re3 Rb4 43. Re4 Rb6 44. h4 Kg6 45. Rf4 a5 46. Kg4 Rc6 47. Rf3
Rc4+ 48. Kh3 Rb4 49. Rf4 Rb6 50. Rc4 Rd6 51. Rc3 Rd4 52. Rxb3 Rxa4 53. Ra3 Rb4
54. Rxa5 Rxb2 55. Ra6+ f6 56. Ra4 Rb3 57. Kg4 Rb5 58. Ra6 Rb4+ 59. Kh3 1/2-1/2

[Event "Druzynowe Mistrzostwa Polski Juniorow 2019 - II Liga"]
[Site "Szczyrk"]
[Date "1899-12-30"]
[Round "9.86"]
[White "Klaska, Szymon"]
[Black "Skowron, Mateusz"]
[Result "1/2-1/2"]
[WhiteTitle "III"]
[BlackTitle "I"]
[WhiteElo "1332"]
[BlackElo "1594"]

1. e4 c6 2. d4 d5 3. Nc3 dxe4 4. Nxe4 Bf5 5. Ng3 Bg6 6. h4 h6 7. f4 Nf6 8. Nf3
e6 9. h5 Bh7 10. Bd3 Bxd3 11. Qxd3 Nbd7 12. Bd2 Qc7 13. O-O-O Bd6 14. Ne5 Rf8
15. Ne4 Nxe4 16. Qxe4 Nf6 17. Qe2 O-O-O 18. Kb1 Kb8 19. Rh3 c5 20. dxc5 Bxc5 21.
Rb3 Nd5 22. Qb5 Bb6 23. c4 Ne3 24. Rc1 Rxd2 25. c5 Bxc5 26. Rxe3 Bxe3 27. Rxc7
Kxc7 28. Nc4 Rd5 29. Qb4 Bc5 30. Qc3 Bd4 31. Qf3 Rfd8 32. g4 Bf6 33. a3 Rd3 34.
Qf2 b6 35. Qc2 Kb8 36. Ne5 Bxe5 37. fxe5 R3d4 38. Qe2 R8d5 39. Ka2 Rd2 40. Qc4
Rf2 41. Qc6 Rdd2 42. Ka1 Rxb2 43. Qd6+ Kc8 44. Qc6+ Kd8 45. Qd6+ Ke8 46. Qb8+
Kd7 47. Qb7+ Ke8 48. Qc8+ Ke7 49. Qc7+ Ke8 50. Qc8+ Ke7 51. Qc7+ 1/2-1/2

[Event "Druzynowe Mistrzostwa Polski Juniorow 2019 - II Liga"]
[Site "Szczyrk"]
[Date "1899-12-30"]
[Round "9.87"]
[White "Celebias, Filip"]
[Black "Franek, Diana"]
[Result "1/2-1/2"]
[WhiteTitle "II"]
[BlackTitle "I"]
[WhiteElo "1380"]
[BlackElo "1318"]

1. e4 e5 2. Nf3 Nc6 3. Bb5 a6 4. Ba4 Nf6 5. d3 b5 6. Bb3 h6 7. c3 d6 8. h3 Be7
9. O-O O-O 10. Nbd2 Re8 11. Re1 Bf8 12. a4 Bb7 13. Nf1 Na5 14. Bc2 c5 15. Ng3
Nc6 16. Nh2 Qd7 17. Qf3 Nh7 18. Ng4 b4 19. Nh5 Qe6 20. Ne3 Ne7 21. Nc4 Ng6 22.
Na5 Rab8 23. Bb3 Qd7 24. Nxb7 Rxb7 25. Bc4 Ra7 26. cxb4 cxb4 27. Bd2 Ng5 28. Qg3
Qe7 29. Bxb4 Rb8 30. Bc3 Ne6 31. Qe3 Nc5 32. b4 Ne6 33. b5 axb5 34. axb5 Rab7
35. Reb1 Qc7 36. Ba5 Qc5 37. Qxc5 Nxc5 38. b6 Ne7 39. Rb5 Nc6 40. Rab1 Nxa5 1/2-1/2

[Event "Druzynowe Mistrzostwa Polski Juniorow 2019 - II Liga"]
[Site "Szczyrk"]
[Date "1899-12-30"]
[Round "9.88"]
[White "Rosinski, Filip"]
[Black "Grodzicki, Piotr"]
[Result "0-1"]
[WhiteTitle "II"]
[BlackTitle "II"]
[WhiteElo "1375"]
[BlackElo "1204"]

1. e4 d6 2. Nc3 Nf6 3. f4 Nbd7 4. Nf3 c5 5. a4 g6 6. Bc4 Bg7 7. d3 O-O 8. Bb3 a6
9. Rg1 e6 10. g4 d5 11. Qe2 dxe4 12. dxe4 Qc7 13. f5 Ne5 14. Bf4 Nd3+ 15. cxd3
Qxf4 16. Nd2 exf5 17. gxf5 gxf5 18. Qg2 Qh4+ 19. Qg3 Qxg3+ 20. Rxg3 fxe4 21. dxe4
Be6 22. O-O-O Kh8 23. Bxe6 fxe6 24. Nb3 b6 25. a5 Nh5 26. Rgg1 Nf4 27. Kc2 c4
28. Nd2 b5 29. Rg4 Rad8 30. Rdg1 Bxc3 31. bxc3 Rg8 32. Rxg8+ Rxg8 33. Rf1 Rf8
34. Nb1 Kg7 35. Na3 e5 36. Rd1 Nd3 37. Rg1+ Kf7 38. Rf1+ Nf4 39. Rd1 Ke7 40. Rg1
Ng6 41. Rg2 Rf1 42. Nb1 Re1 43. Rg4 Re2+ 44. Nd2 Rxh2 45. Rg5 Rf2 46. Rh5 Rf7
47. Rg5 Kf8 48. Rf5 Rxf5 49. exf5 Ne7 50. f6 Nc6 51. Kb2 Nxa5 52. Ka3 Nc6 0-1

[Event "Druzynowe Mistrzostwa Polski Juniorow 2019 - II Liga"]
[Site "Szczyrk"]
[Date "1899-12-30"]
[Round "9.89"]
[White "Mytnik, Kinga"]
[Black "Piotrowska, Florentyna"]
[Result "1-0"]
[WhiteTitle "I"]
[BlackTitle "I"]
[WhiteElo "1604"]
[BlackElo "1278"]

1. e4 e5 2. Nf3 Nc6 3. Be2 Nf6 4. d3 d5 5. Nbd2 Rg8 6. c3 g5 7. h3 g4 8. hxg4 Bxg4
9. g3 Qd7 10. b4 a6 11. a4 d4 12. Bb2 dxc3 13. Bxc3 Bxb4 14. Bxb4 Nxb4 15. Nxe5
Qd4 16. Rb1 Bxe2 17. Kxe2 Qxe5 18. Rxb4 b6 19. Qc2 Kf8 20. Nf3 Qe7 21. Rc4 c5
22. Qc1 Rd8 23. Qh6+ Rg7 24. Nh4 Qd7 25. Rd1 Qg4+ 26. Nf3 Qg6 27. Qh4 Re8 28.
Qf4 Nd5 29. Qd2 Qg4 30. Rh1 Qg6 31. Kf1 Nb4 32. Nh4 Qg5 33. Qd1 Qg4 34. Qb1 Rd8
35. Rc3 Qd7 36. Nf5 Rg8 37. Ke2 Rh8 38. Rh6 Rb8 39. Qa1 a5 40. Rd6 Qe8 41. Rxc5
Rg8 42. Rc7 Rg6 43. Rxg6 1-0

[Event "Druzynowe Mistrzostwa Polski Juniorow 2019 - II Liga"]
[Site "Szczyrk"]
[Date "1899-12-30"]
[Round "9.90"]
[White "Jedrzejewska, Zuzanna"]
[Black "Skwarczynska, Beata"]
[Result "1/2-1/2"]
[WhiteTitle "I"]
[BlackTitle "II"]
[WhiteElo "1189"]
[BlackElo "1000"]

1. e4 d5 2. exd5 Qxd5 3. Nc3 Qa5 4. d4 Nf6 5. Qd2 c6 6. Nf3 Bf5 7. Bd3 Bxd3 8.
Qxd3 e6 9. O-O Be7 10. Bg5 O-O 11. Ne4 Nxe4 12. Bxe7 Re8 13. Qxe4 Rxe7 14. Rfe1
Nd7 15. Ne5 Rd8 16. Re3 Nxe5 17. dxe5 Red7 18. Ree1 Qd5 19. Qe3 b6 20. h3 Qd4
21. Qxd4 Rxd4 22. Rac1 Rd2 23. Kf1 R8d5 24. Re3 Rd1+ 25. Rxd1 Rxd1+ 26. Ke2 Rd5
27. f4 h6 28. g3 g5 29. Rc3 c5 30. Ra3 Rd7 31. Ra6 Kg7 32. Ra3 Kg6 33. Ke3 Kf5
34. g4+ Kg6 35. Ra4 a5 36. Rc4 Rd5 37. b3 Rd1 38. Kf2 Rd2+ 39. Kg3 Rd1 40. fxg5
hxg5 41. Kf3 Rf1+ 42. Ke4 1/2-1/2

[Event "Druzynowe Mistrzostwa Polski Juniorow 2019 - II Liga"]
[Site "Szczyrk"]
[Date "1899-12-30"]
[Round "9.91"]
[White "Kucharski, Bartlomiej"]
[Black "Kocierz, Pawel"]
[Result "0-1"]
[WhiteTitle "I++"]
[BlackTitle "II"]
[WhiteElo "1952"]
[BlackElo "1309"]

1. d4 Nf6 2. Bf4 g6 3. Nc3 d5 4. e3 Bg7 5. Be2 O-O 6. Nf3 b6 7. Ne5 Bb7 8. h4 c5
9. h5 Nc6 10. Qd2 Ne4 11. Nxe4 dxe4 12. Nxc6 Bxc6 13. O-O-O Qd5 14. c4 Qd7 15.
d5 Bb7 16. f3 Qa4 17. Kb1 exf3 18. gxf3 a6 19. e4 b5 20. Bh6 Qb4 21. Bxg7 Qxd2
22. Rxd2 Kxg7 23. cxb5 axb5 24. Bxb5 Rfb8 25. Bc4 Ba6 26. Rc2 Bxc4 27. Rxc4 Ra5
28. e5 Rba8 29. h6+ Kf8 30. a3 Rb5 31. Ka2 Rab8 32. Rh2 Ke8 33. Rhc2 Rb3 34. R2c3
Rxb2+ 35. Ka1 Rb1+ 36. Ka2 R8b2# 0-1

[Event "Druzynowe Mistrzostwa Polski Juniorow 2019 - II Liga"]
[Site "Szczyrk"]
[Date "1899-12-30"]
[Round "9.92"]
[White "Rzasa, Michal"]
[Black "Wolak, Kamil"]
[Result "0-1"]
[WhiteTitle "III"]
[BlackTitle "I"]
[WhiteElo "1347"]
[BlackElo "1619"]

1. e4 c6 2. Nc3 g6 3. Nf3 Bg7 4. Bc4 d6 5. Ng5 e6 6. d4 h6 7. Nf3 Ne7 8. Be3 d5
9. Bd3 Nd7 10. Qd2 dxe4 11. Nxe4 Nb6 12. Bf4 Nf5 13. Qb4 Nd5 14. Qd2 Nxf4 15.
Qxf4 g5 16. Qd2 Nxd4 17. O-O-O f5 18. Nc5 Nxf3 19. gxf3 Qd4 20. Qc3 Qxc3 21. bxc3
Bxc3 22. Bc4 Ke7 23. Na4 Bf6 24. Rhe1 b5 25. Bxe6 Bxe6 26. Nc5 Kf7 27. Rxe6 Rad8
28. Rxd8 Rxd8 29. Rxc6 Be7 30. Nd3 Rd6 31. Rxd6 Bxd6 32. h3 Kg6 33. Kd2 Kh5 34.
Ke3 Kh4 35. f4 Kxh3 36. Ne5 gxf4+ 37. Kd4 Bxe5+ 38. Kxe5 Kg2 39. Kxf4 Kxf2 0-1

[Event "Druzynowe Mistrzostwa Polski Juniorow 2019 - II Liga"]
[Site "Szczyrk"]
[Date "1899-12-30"]
[Round "9.93"]
[White "Bartuzi, Krzysztof"]
[Black "Czak, Dominik"]
[Result "1/2-1/2"]
[WhiteTitle "II+"]
[BlackTitle "III"]
[WhiteElo "1392"]
[BlackElo "1297"]

1. e4 c6 2. d4 d5 3. exd5 cxd5 4. Bd3 Nc6 5. Nf3 Bg4 6. c3 Nf6 7. Bg5 e6 8. Nbd2
Be7 9. Qc2 h6 10. Be3 Qb6 11. O-O-O Rc8 12. Qb3 Qxb3 13. axb3 O-O 14. h3 Bxf3
15. Nxf3 Na5 16. Kc2 Nc6 17. Kb1 a6 18. g4 Nd7 19. Bf4 g5 20. Bg3 Bf6 21. h4 gxh4
22. Nxh4 Kg7 23. Bf4 Rh8 24. Nf3 Nf8 25. g5 hxg5 26. Rxh8 Kxh8 27. Nxg5 Kg7 28.
Rg1 Bxg5 29. Bxg5 Ng6 30. Be3 Nce7 31. b4 1/2-1/2

[Event "Druzynowe Mistrzostwa Polski Juniorow 2019 - II Liga"]
[Site "Szczyrk"]
[Date "1899-12-30"]
[Round "9.94"]
[White "Galla, Wiktor"]
[Black "Bartuzi, Michal"]
[Result "0-1"]
[WhiteTitle "III"]
[BlackTitle "II+"]
[WhiteElo "1000"]
[BlackElo "1193"]

1. e4 c5 2. Nf3 Nc6 3. d4 cxd4 4. Nxd4 g6 5. Nc3 Bg7 6. Be3 Nf6 7. f3 O-O 8. Bc4
Qb6 9. Bb3 Nxe4 10. Na4 Qa5+ 11. c3 Nf6 12. Nxc6 dxc6 13. Nc5 b6 14. Na4 Qe5 15.
Qd4 Nd5 16. Qxe5 Bxe5 17. Bxd5 cxd5 18. Rd1 e6 19. Bd4 Bg7 20. b3 Bd7 21. Nb2
Bb5 22. Bxg7 Kxg7 23. c4 Bc6 24. O-O Rfd8 25. Rfe1 Rd7 26. Re2 Rad8 27. Rc2 b5
28. cxd5 Bxd5 29. Rcd2 Bc6 30. Rxd7 Rxd7 31. Rxd7 Bxd7 32. Nd3 a5 33. a3 f5 34.
Nc5 Bc8 35. Nd3 Bb7 36. Kf2 Kf6 37. g3 Bd5 38. b4 axb4 39. axb4 e5 40. Nc5 Bc6
41. Ke3 g5 42. h4 f4+ 43. Kf2 gxh4 44. gxh4 Kf5 45. Nd3 e4 46. fxe4+ Bxe4 47.
Ne1 Kg4 48. Ng2 Bxg2 49. Kxg2 Kxh4 50. Kf3 Kg5 51. Ke4 h5 52. Kf3 Kf5 53. Kg2
Ke4 54. Kh3 f3 0-1

[Event "Druzynowe Mistrzostwa Polski Juniorow 2019 - II Liga"]
[Site "Szczyrk"]
[Date "1899-12-30"]
[Round "9.95"]
[White "Mirowska, Oliwia"]
[Black "Trusz, Julia"]
[Result "1/2-1/2"]
[WhiteTitle "I++"]
[BlackTitle "I+"]
[WhiteElo "1735"]
[BlackElo "1649"]

1. d4 Nf6 2. Bf4 d5 3. e3 Bf5 4. c4 c6 5. Qb3 Qc8 6. Nd2 e6 7. Ngf3 h6 8. h3 Be7
9. Be2 O-O 10. O-O Nbd7 11. Rac1 Re8 12. Ne5 Nxe5 13. Bxe5 Nd7 14. Bg3 Bf6 15.
Bf3 Nb6 16. Rfd1 Qd7 17. a4 Nc8 18. c5 Qe7 19. Qc3 e5 20. dxe5 Bxe5 21. Bxe5 Qxe5
22. Nb3 Qxc3 23. Rxc3 Ne7 24. Nd4 Rad8 25. b4 a6 26. b5 axb5 27. axb5 Bd7 28.
Rb1 Nf5 29. Nxf5 Bxf5 30. Rb2 Bd7 31. Ra3 cxb5 32. Bxd5 Bc6 33. Bf3 Ra8 34. Rab3
Kf8 35. Be2 Re5 36. Rc3 Rg5 37. f3 Ra5 38. Kf2 b4 1/2-1/2

[Event "Druzynowe Mistrzostwa Polski Juniorow 2019 - II Liga"]
[Site "Szczyrk"]
[Date "1899-12-30"]
[Round "9.96"]
[White "Pietrzak, Emilia"]
[Black "Hals, Emilia"]
[Result "1/2-1/2"]
[WhiteTitle "I"]
[BlackTitle "I"]
[WhiteElo "1320"]
[BlackElo "1346"]

1. e4 d5 2. exd5 Qxd5 3. Nc3 Qd6 4. Nf3 Nf6 5. Bc4 a6 6. O-O g6 7. d4 Nc6 8. Ng5
e6 9. d5 Na5 10. Qf3 Bg7 11. Bf4 Qc5 12. Bb3 Nxb3 13. cxb3 O-O 14. dxe6 fxe6 15.
Qh3 Qb6 16. Be5 h6 17. Nf3 Nd5 18. Bxg7 Kxg7 19. Qg3 Nxc3 20. bxc3 Qd6 21. Qe5+
Qxe5 22. Nxe5 Rf5 23. Rfe1 Kf6 24. Ng4+ Kg7 25. Rad1 h5 26. Ne5 Kf6 27. Nf3 b6
28. Rd8 Bb7 29. Rxa8 Bxa8 30. Nd4 Re5 31. Rxe5 Kxe5 32. f4+ Kd5 1/2-1/2